Irgendwelche Sachen/Wörter von A-Z 2# - Statistiken

Allgemein
  • Dieses Quiz wurde 123 mal gespielt
  • Das Durchschnittsergebnis liegt bei 23 aus 26
Antwortstatistiken
Bildquiz Hint Antwort % Korrekt
A Ampel
98%
D Das
97%
E ebenso
97%
F Fass
97%
I Insel
97%
N Narbe
97%
T Tafel
97%
Y Yoga
97%
O Opel
96%
R Reifen
96%
K Kreis
95%
Z Zebrastreifen
95%
S Staub
94%
W WhatsApp
94%
B Bananenschale
93%
G Gleise
92%
Q qr Code
90%
J Jetpunk
88%
M Marker
88%
X XBox
88%
L Liste
87%
P Parkplatz
85%
U Ungarn
84%
V Vodafone
83%
C Chat GPT
63%
H Hebel
56%
Keine übereinstimmenden Quizze gefunden
Verteilung der Resultate
Anzahl Personen mit jedem Resultat
Perzentil nach korrekt beantworteten Fragen
Ihre Resultats-Entwicklung
Sie haben dieses Quiz noch nicht gespielt